Phát triển năng lực sáng tạo cho học sinh dự bị dân tộc thông qua phương pháp dạy học dự án trong giờ dạy ngữ văn /

Zapisane w:
Opis bibliograficzny
1. autor: Nguyễn Thị Nhung, ThS.
Format: Artykuł
Język:Vietnamese
Hasła przedmiotowe:
Etykiety: Dodaj etykietę
Nie ma etykietki, Dołącz pierwszą etykiete!
Thư viện lưu trữ: Thư viện Trường Đại học Đà Lạt
LEADER 00937nam a2200277 4500
001 DLU180187915
005 ##20181016
040 # # |a DLU  |b vie 
041 # # |a vie 
044 # # |a vn 
100 # # |a Nguyễn Thị Nhung,   |c ThS. 
245 # # |a Phát triển năng lực sáng tạo cho học sinh dự bị dân tộc thông qua phương pháp dạy học dự án trong giờ dạy ngữ văn /  |c Nguyễn Thị Nhung. 
653 # # |a Dạy học dự án 
653 # # |a Năng lực sáng tạo 
653 # # |a Phát triển năng lực 
653 # # |a Phương pháp dạy học 
773 # # |t Tạp chí dạy và học ngày nay  |g Số 09, 2017, tr. 67-69 
920 # # |a Phòng Tạp chí -- Trung tâm Thông tin - Thư viện Trường Đại học Đà Lạt 
994 # # |a DLU 
900 # # |a True 
911 # # |a Trần Thị Minh Hương 
925 # # |a G 
926 # # |a A 
927 # # |a BB 
980 # # |a Thư viện Trường Đại học Đà Lạt